Estados Unidos sigue en Centroamérica: La democracia de los fusiles

সংরক্ষণ করুন:
গ্রন্থ-পঞ্জীর বিবরন
বিন্যাস: পাঠ‍্য
প্রকাশিত: s.l.: Centro de Estudios Económicos y Sociales del Tercer Mundo
ট্যাগগুলো: ট্যাগ যুক্ত করুন
কোনো ট্যাগ নেই, প্রথমজন হিসাবে ট্যাগ করুন!

MARC

LEADER 00000 a a2200000 04500
001 24871
003
040
090 |a 178800  
245 |a Estados Unidos sigue en Centroamérica: La democracia de los fusiles  
260 |a s.l.:   |b Centro de Estudios Económicos y Sociales del Tercer Mundo  
300 |a pp.118- 174  
999 |c 12885  |d 12885